1677 1715 1351 1086 1621 1192 1888 1424 1017 1258 1748 1275 1227 1925 1396 1259 1349 1064 1852 1811 1770 1643 1272 1029 1010 1038 1076 1444 1958 1796 1714 1427 1028 1763 1642 1353 1577 1069 1063 1138 1387 1833 1490 1766 1645 1802 1617 1421 1721 1525 1757 1775 1875 1183 1943 1013 1498 1793 1122 1437 1120 1126 1468 1382 1731 1551 1785 1823 1169 1598 1328 1442 1457 1815 1793 1347 1491 1649 1021 1147 1938 1240 1023 1382 1068 1305 1592 1223 1982 1629 1290 1686 1451 1740 1366 1224 1586 1026 1527 BCNSPRNW ULIB Ver.6.0+V

เปลี่ยนเป็นภาษาไทย

Change to English
 แสดงรายละเอียดบรรณานุกรม
  กลับหน้าหลัก

Brief Record : Get Marc (ISO 2709) : E-mail record : QR code < ปิดหน้าต่าง
LEADER : 00000nam 2200000uu 4500
001    13399125583
003     ULIB
008    170701s2558||||th 000 0 tha d
020    ^a9786163202307
060 04 ^aW327^bด123ค
100 0  ^aดนัย นนทนันท์
245 00 ^aคู่มือดูแลสุขภาพด้วยตนเองเบื้องต้น /^cดนัย นนทนันท์
260    ^aกรุงเทพฯ :^bซีเอ็ดยูเคชั่น,^c2558
300    ^a111 หน้า :^bภาพประกอบ
650  4 ^aการดูแลตนเอง
650  4 ^aโรค, การป้องกันและรักษา
700 0  ^aพัชรา จำรัสพร
945    ^p90^l0^i25241
999    ^aทศพร เกษรทอง
รายการนี้ยังไม่มีแท็ก
คุณยังไม่ได้ล็อกอิน คุณสามารถมีกิจกรรมร่วมกับเว็บไซต์ได้ แต่ต้องล็อกอินก่อน ::
  ล็อกอิน

รายการสื่อสารสนเทศ

ลำดับที่ ประเภท เลขเรียก/บาร์โค้ด สถานที่ สถานะ
1. วิทยาศาสตร์การแพทย์ และสุขภาพ
วิทยาศาสตร์การแพทย์ และสุขภาพ
สถานะ=หนังสือเก่า
W327 ด123ค ฉ.1 
  Barcode: 25241
ห้องสมุดวิทยาเขตนครสวรรค์
►ส่วนจัดเก็บหนังสือเก่า นว.
บนชั้น
  ขอยืม

รายการใกล้เคียง
    ผู้แต่ง [ดนัย นนทนันท์]

    หัวเรื่อง [การดูแลตนเอง]
    หัวเรื่อง [โรค, การป้องกันและรักษา]

BibComment


ยังไม่เคยถูกคอมเมนท์

คอมเมนท์ทรัพยากรรายการนี้
  คอมเมนท์: คู่มือดูแลสุขภาพ..


 Copyright 2026. Bcnsprnw @Library